Risultati della Juventus in UEFA Champions League 2021-2022 - Statistics

Statistiche generali
  • Questo quiz è stato fatto 30 volte
  • Il punteggio medio è 6 su 8
Statistiche sulle risposte
Hint Risposta % Corretto
Juventus - Chelsea 1-0
83%
Chelsea - Juventus 4-0
83%
Juventus - Zenit San Pietroburgo 4-2
83%
Juventus - Villarreal 0-3
79%
Villarreal - Juventus 1-1
79%
Malmö FF - Juventus 0-3
72%
Juventus - Malmö FF 1-0
72%
Zenit San Pietroburgo - Juventus 0-1
66%
Nessun quiz corrispondente trovato
Distribuzione punteggi
Percentuale di utenti per punteggio
Percentile per numero di risposta
I tuoi punteggi nel tempo
Non hai fatto questo quiz